Teaching your children responsibility / (Record no. 6892)
[ view plain ]
| 000 -LEADER | |
|---|---|
| fixed length control field | 01568cam a2200409 a 4500 |
| 001 - CONTROL NUMBER | |
| control field | 2052558 |
| 003 - CONTROL NUMBER IDENTIFIER | |
| control field | OSt |
| 005 - DATE AND TIME OF LATEST TRANSACTION | |
| control field | 20140310181919.0 |
| 008 - FIXED-LENGTH DATA ELEMENTS--GENERAL INFORMATION | |
| fixed length control field | 931015r19941982nyua 001 0 eng |
| 010 ## - LIBRARY OF CONGRESS CONTROL NUMBER | |
| LC control number | 93040139 |
| 020 ## - INTERNATIONAL STANDARD BOOK NUMBER | |
| International Standard Book Number | 0671887165 : |
| Terms of availability | $11.00 ($14.00 Can.) |
| 040 ## - CATALOGING SOURCE | |
| Original cataloging agency | DLC |
| Transcribing agency | DLC |
| Modifying agency | DLC |
| 050 00 - LIBRARY OF CONGRESS CALL NUMBER | |
| Classification number | BJ 1451 |
| Item number | .Ey97 1994 |
| 082 00 - DEWEY DECIMAL CLASSIFICATION NUMBER | |
| Classification number | TR 649.7 |
| Item number | Ey6 1984 |
| 100 1# - MAIN ENTRY--PERSONAL NAME | |
| Personal name | Eyre, Linda. |
| 9 (RLIN) | 1392 |
| 240 10 - UNIFORM TITLE | |
| Uniform title | <a href="Teaching children responsibility">Teaching children responsibility</a> |
| 245 10 - TITLE STATEMENT | |
| Title | Teaching your children responsibility / |
| Statement of responsibility, etc | Linda and Richard Eyre. |
| 250 ## - EDITION STATEMENT | |
| Edition statement | 1st Fireside ed. |
| 260 ## - PUBLICATION, DISTRIBUTION, ETC. (IMPRINT) | |
| Place of publication, distribution, etc | New York : |
| Name of publisher, distributor, etc | Simon & Schuster, |
| Date of publication, distribution, etc | 1994. |
| 300 ## - PHYSICAL DESCRIPTION | |
| Extent | 185 p. : |
| Other physical details | ill. ; |
| Dimensions | 22 cm. |
| 500 ## - GENERAL NOTE | |
| General note | Originally published: Teaching children responsibility. Salt Lake City, Utah : Deseret Bk. Co., c1982. |
| 500 ## - GENERAL NOTE | |
| General note | "A Fireside book." |
| 500 ## - GENERAL NOTE | |
| General note | Includes index. |
| 521 ## - TARGET AUDIENCE NOTE | |
| Target audience note | |
| 526 ## - STUDY PROGRAM INFORMATION NOTE | |
| Reading level | 1110L to 1700L |
| 541 ## - IMMEDIATE SOURCE OF ACQUISITION NOTE | |
| -- | 1 |
| 562 ## - COPY AND VERSION IDENTIFICATION NOTE | |
| Number of copies | 1 |
| 650 #0 - SUBJECT ADDED ENTRY--TOPICAL TERM | |
| Topical term or geographic name as entry element | Responsibility in children. |
| 9 (RLIN) | 1393 |
| 650 #0 - SUBJECT ADDED ENTRY--TOPICAL TERM | |
| Topical term or geographic name as entry element | Children |
| General subdivision | Conduct of life. |
| 9 (RLIN) | 1394 |
| 650 #0 - SUBJECT ADDED ENTRY--TOPICAL TERM | |
| Topical term or geographic name as entry element | Child rearing |
| General subdivision | Religious aspects |
| -- | Mormon Church. |
| 9 (RLIN) | 1395 |
| 700 1# - ADDED ENTRY--PERSONAL NAME | |
| Personal name | Eyre, Richard M. |
| 9 (RLIN) | 1396 |
| 856 42 - ELECTRONIC LOCATION AND ACCESS | |
| Materials specified | Contributor biographical information |
| Uniform Resource Identifier | <a href="http://www.loc.gov/catdir/bios/simon051/93040139.html">http://www.loc.gov/catdir/bios/simon051/93040139.html</a> |
| 856 42 - ELECTRONIC LOCATION AND ACCESS | |
| Materials specified | Publisher description |
| Uniform Resource Identifier | <a href="http://www.loc.gov/catdir/description/simon032/93040139.html">http://www.loc.gov/catdir/description/simon032/93040139.html</a> |
| 906 ## - LOCAL DATA ELEMENT F, LDF (RLIN) | |
| a | 7 |
| b | cbc |
| c | orignew |
| d | 1 |
| e | ocip |
| f | 19 |
| g | y-gencatlg |
| 942 ## - ADDED ENTRY ELEMENTS (KOHA) | |
| Source of classification or shelving scheme | Library of Congress Classification |
| Koha item type | |
| Call number prefix | |
| Withdrawn status | Lost status | Source of classification or shelving scheme | Damaged status | Home library | Current library | Shelving location | Date acquired | Total Checkouts | Full call number | Barcode | Date last seen | Copy number | Price effective from | Koha item type |
|---|---|---|---|---|---|---|---|---|---|---|---|---|---|---|
| Library of Congress Classification | Luxembourg Library | Luxembourg Library | Teachers Reference Section | 07/17/2013 | BJ 1451 .Ey97 1994 | 11409 | 08/13/2013 | 1 | 07/17/2013 | Books |